000
00218 a2200085 4500
020
_a
978-1587592171
100
_a
Catherine Bourzat
245
_a
India: A Cultural Journey
260
_b
Hachette Livre Direction Paris
_c
2009
999
_c
13573
_d
13573